Fundamentals of applied electromagnetics / (Record no. 588290)
[ view plain ]
| 000 -LEADER | |
|---|---|
| fixed length control field | 00917cam a2200229 i 4500 |
| 020 ## - INTERNATIONAL STANDARD BOOK NUMBER | |
| International Standard Book Number | 9781292082448 |
| 082 00 - DEWEY DECIMAL CLASSIFICATION NUMBER | |
| Classification number | 621.34 |
| 100 1# - MAIN ENTRY--PERSONAL NAME | |
| Personal name | Ulaby, Fawwaz T. |
| Dates associated with a name | 1943- |
| Relator term | author. |
| 245 10 - TITLE STATEMENT | |
| Title | Fundamentals of applied electromagnetics / |
| Statement of responsibility, etc. | Fawwaz T. Ulaby, University of Michigan, Ann Arbor, Umberto Ravaioli, University of Illinois, Urbana-Champaign. |
| 250 ## - EDITION STATEMENT | |
| Edition statement | Seventh edition. |
| 260 ## - PUBLICATION, DISTRIBUTION, ETC. | |
| Place of publication, distribution, etc. | Boston : |
| Name of publisher, distributor, etc. | Pearson, |
| Date of publication, distribution, etc. | 2015. |
| 300 ## - PHYSICAL DESCRIPTION | |
| Extent | xxii, 525 pages : |
| Other physical details | color illustrations ; |
| Dimensions | 25 cm |
| 504 ## - BIBLIOGRAPHY, ETC. NOTE | |
| Bibliography, etc. note | Includes bibliographical references (pages 491-492) and index. |
| 650 #0 - SUBJECT ADDED ENTRY--TOPICAL TERM | |
| Topical term or geographic name entry element | Electromagnetism. |
| 650 #0 - SUBJECT ADDED ENTRY--TOPICAL TERM | |
| Topical term or geographic name entry element | Electromagnetism |
| 700 1# - ADDED ENTRY--PERSONAL NAME | |
| Personal name | Ravaioli, Umberto, |
| 942 ## - ADDED ENTRY ELEMENTS (KOHA) | |
| Source of classification or shelving scheme | |
| Koha item type | Book |
| 650 #0 - SUBJECT ADDED ENTRY--TOPICAL TERM | |
| -- | 90118 |
| 650 #0 - SUBJECT ADDED ENTRY--TOPICAL TERM | |
| -- | 90119 |
| 700 1# - ADDED ENTRY--PERSONAL NAME | |
| -- | 90120 |
| Withdrawn status | Lost status | Source of classification or shelving scheme | Damaged status | Not for loan | Permanent Location | Current Location | Date acquired | Total Checkouts | Full call number | Barcode | Date last seen | Price effective from | Koha item type |
|---|---|---|---|---|---|---|---|---|---|---|---|---|---|
| Central Library (CL) | Central Library (CL) | 02/25/2022 | 621.34 ULA | CL-978 | 02/25/2022 | 02/25/2022 | Book |
